Online Catalogue and eLibrary

Children of War (Record no. 1542)

MARC details
000 -LEADER
fixed length control field 00482nam a2200181Ia 4500
005 - DATE AND TIME OF LATEST TRANSACTION
control field 20250106051636.0
008 - FIXED-LENGTH DATA ELEMENTS--GENERAL INFORMATION
fixed length control field 240331s9999 xx 000 0 und d
020 ## - INTERNATIONAL STANDARD BOOK NUMBER
ISBN 9551066065
082 ## - DDC Classification
Item Number - Author Mark MUT
DDC Edition Number 5607
Class No. 305.23
100 ## - MAIN ENTRY--PERSONAL NAME
Personal name Sarvananthan, M
245 #0 - TITLE STATEMENT
Title Children of War
Remainder of title Aspirations and Opportunities
260 ## - PUBLICATION, DISTRIBUTION, ETC.
Place of publication, distribution, etc. Point Pedro
Name of publisher, distributor, etc. Point Pedro Institute of Development
Date of publication, distribution, etc. 2006
300 ## - PHYSICAL DESCRIPTION
Extent (e.g. Volumes, Pages etc.) xiv, 138 p.,
650 ## - SUBJECT ADDED ENTRY--TOPICAL TERM
Topical term or geographic name entry element Children
650 ## - SUBJECT ADDED ENTRY--TOPICAL TERM
Topical term or geographic name entry element War
650 ## - SUBJECT ADDED ENTRY--TOPICAL TERM
Topical term or geographic name entry element Employment
942 ## - Koha item type (Biblio)
Koha item type Books in Stacks (Lending)
Holdings
Lost status Damaged status Collection code Home library Current library Shelving location Date acquired Full call number Accession Number Item type
    Lending WERC Library WERC Library Social Science Cupboard 03/31/2024 305.23 SAR 5607 Books in Stacks (Lending)

© WERC Library